[Event "Mecklenburg VP-ch U14"]
[Site "Malchow"]
[Date "2019.02.02"]
[Round "1.10"]
[White "Hampe, Tobias"]
[Black "Scharf, Christian"]
[Result "0-1"]
[WhiteElo "809"]
[BlackElo "1050"]
[PlyCount "48"]
[EventDate "2019.02.02"]
[EventType "swiss"]
[EventRounds "7"]
[EventCountry "GER"]
[SourceTitle "EXT 2022"]
[Source "ChessBase"]
[SourceDate "2021.10.06"]
[SourceVersion "1"]
[SourceVersionDate "2021.10.06"]
[SourceQuality "1"]

1. e4 e5 2. Nf3 Nc6 3. Bc4 Bc5 4. 0-0 Nf6 5. d3 d6 6. Nc3 Bg4 7. h3 Bh5 8. Bg5 h6 9. Bh4 g5 10. Bg3 g4 11. hxg4 Bxg4 12. Bh4 Nb8 13. Nd5 Nbd7 14. Bb5 c6 15. Nxf6+ Nxf6 16. Bc4 Rg8 17. Qd2 Bxf3 18. Qxh6 Rxg2+ 19. Kh1 Rg6+ 20. Kh2 Rxh6 21. Rg1 Rxh4+ 22. Kg3 Nh5+ 23. Kxf3 Qf6+ 24. Ke2 Qxf2+ 0-1